Normal view
MARC view
- اقتصاد-النقود
Entry Topical Term
001 - CONTROL NUMBER
- control field: 33927
003 - CONTROL NUMBER IDENTIFIER
- control field: JO-AjAnu
005 - DATE AND TIME OF LATEST TRANSACTION
- control field: 20230606075704.0
008 - FIXED-LENGTH DATA ELEMENTS
- fixed length control field: 230606|| aca||aabn | a|a d
040 ## - CATALOGING SOURCE
- Original cataloging agency: JO-AjAnu
- Transcribing agency: JO-AjAnu
150 ## - HEADING--TOPICAL TERM
- Topical term or geographic name entry element: اقتصاد-النقود
670 ## - SOURCE DATA FOUND
- Source citation: Work cat.: (JO-AjAnu)17425: دويدار،محمد, author 33926, مبادئ الإقتصاد السياسي : الاقتصاد النقدي :التعريف بالنقود تاريخيا ونظريا-النظام النقدي-المؤسسات النقدية-النقود ونظريات اداء الاقتصاد الرأسمالي